Vista normal Vista MARC

Entrada Geographic Name

Número de registros utilizados en: 1

001 - CONTROL NUMBER

  • control field: 38822

003 - CONTROL NUMBER IDENTIFIER

  • control field: OSt

005 - DATE AND TIME OF LATEST TRANSACTION

  • control field: 20210728112409.0

008 - FIXED-LENGTH DATA ELEMENTS

  • fixed length control field: 210728|| aca||aabn | a|a d

040 ## - CATALOGING SOURCE

  • Original cataloging agency: OSt
  • Transcribing agency: OSt

151 ## - HEADING--GEOGRAPHIC NAME

  • Geographic name: Colombia
  • Form subdivision: Programas
  • General subdivision: Comercio exterior

670 ## - SOURCE DATA FOUND

  • Source citation: Work cat.: (OSt)8093: 16311, Obstáculos y oportunidades para la inversión extranjera en Colombia / , 2000